Politics/ Andrew Heywood and Matthew Laing (Record no. 22107)

000 -LEADER
fixed length control field 01517nam a22001937a 4500
020 ## - INTERNATIONAL STANDARD BOOK NUMBER
ISBN 9781350356801
082 ## - DEWEY DECIMAL CLASSIFICATION NUMBER
Classification number 320
Item number H622 2025
100 ## - MAIN ENTRY--AUTHOR NAME
Personal name Heywood, Andrew, author
245 ## - TITLE STATEMENT
Title Politics/ Andrew Heywood and Matthew Laing
250 ## - EDITION STATEMENT
Edition statement Sixth edition
260 ## - PUBLICATION, DISTRIBUTION, ETC. (IMPRINT)
Place of publication London, UK ; New York :
Name of publisher Bloomsbury Academic,
Year of publication 2025.
300 ## - PHYSICAL DESCRIPTION
Number of Pages 555 pages
500 ## - GENERAL NOTE
General note Includes bibliographical references and index.
505 ## - FORMATTED CONTENTS NOTE
Formatted contents note What is politics? -- Political ideas and ideologies -- Politics and the state -- Democracy and legitmacy-- Regimes and political systems -- Nations and nationalism -- Political economy and globalization -- Politics, society and identity -- Political culture and the media -- Representation, elections and voting -- Parties and party systems -- Groups, interests and movements -- Constitutions, law and judges -- Political executives and leadership -- Assemblies -- Public policy and the bureaucracy -- Multilevel politics -- Security: domestic and international -- World order and global governance -- Is politics broken?
520 ## - SUMMARY, ETC.
Summary, etc The sixth edition of this seminal textbook introduces the discipline's foundational theories and their relevance to key subfields, including
elections, security and global governance. It covers global developments resulting from Covid-19, the continued rise of China, the impact of
digital technologies and the conservative backlash against liberal values.
650 ## - SUBJECT ADDED ENTRY--TOPICAL TERM
Topical Term Political science .
700 ## - ADDED ENTRY--PERSONAL NAME
Personal name Laing, Matthew, author
942 ## - ADDED ENTRY ELEMENTS (KOHA)
Koha item type Electronic Books
Holdings
Source of acquisition Permanent Location Date acquired Collection code Koha item type Lost status Shelving location Withdrawn status Current Location Full call number
DonationCagayan State University - Carig Library2026-04-15E-BooksElectronic Books E-Resource Section Cagayan State University - Carig Library320 H622 2025

Cagayan State University University Library, Carig Campus
Tuguegarao City, Cagayan 3500 | www.csucarig.edu.ph

Powered by Koha